00990cam a2200265 4500001001000000003000900010005001700019008004100036020001500077040002500092043001000117082001900127100002000146245009100166260004400257300004200301490008200343490003100425500001900456504003200475650003400507650003800541650003800579830010700617000012639DO-SdBNP20251210111112.0740415s1973 oncab b 001 0 eng d a0776620126 aDO-SdBNPbspacBNPHU an-cn- a343.096bP536L1 aPharand, Donat,14aThe law of the sea of the arctic :bwith special reference to Canada /cDonat Pharand. aOttawa, :bUniversity of Ottawa,c1973. axxii, 367 p. :bill., maps. ;c22 cm.0 aCollection des travaux de la Faculté de droit de l'Université d'Ottawav71 aMonographies juridiquesv7 aIncludes index aBibliography: p. [325]-355. 0aDerecho marítimo zCánada 4aAguas jurisdiccionaleszCánada. 0aDerecho marítimo internacional  0aCollection des travaux de la Faculté de droit de l'Université d'OttawapMonographies juridiquesv7